Nuevo manual de los cielos /

Guardado en:
Autor Principal: Bernhard, Hubert J.
Formato: Libro
Publicado: Buenos Aires : Eudeba, 1961
Edición:2a. ed.
Materias:
Etiquetas: Agregar Etiqueta
Sin Etiquetas, Sea el primero en etiquetar este registro!
LEADER 00791nam a22002295a 4500
001 CEM.cems001025
005 20060213000000.0
008 130507s1961##################000#0#####d
003 CEMS
082 0 4 |a 520 
100 1 |a Bernhard, Hubert J. 
245 1 0 |a Nuevo manual de los cielos / 
250 |a 2a. ed. 
260 |a Buenos Aires :  |b Eudeba,  |c 1961 
300 |a 318 p. 
505 0 |a Idea general del universo; Posiciones de las estrellas en la esfera celeste; La radiacion de los cuerpos celestes; Nuestra galaxia; Los cuerpos del sistema solar; Teorías cosmogonicas modernas; Nociones sobre astronautica 
653 |a Astronomia 
653 |a Cometas 
653 |a Eclipses 
653 |a Estrellas 
653 |a Sistema solar 
859 |a CEMS  |b BIB. CEMS - 11 de abril  |h 520  |i B454a2  |p 2689.74  |t Ej.1